[Event "DEM U12/U12w 2008"]
[Site "Willingen GER"]
[Date "2008.05.12"]
[Round "3"]
[White "Aslan, Dersim"]
[Black "Grewenig, Jan"]
[Result "0-1"]
[Termination "normal"]
[Board "24"]
[WhiteElo "1319"]
[BlackElo "1619"]
[PlyCount "54"]
[WhiteFideId "24692271"]
[BlackFideId "4657330"]
[EventCountry "GER"]
[EventRounds "11"]
[EventType "swiss"]
[EventDate "2008.05.10"]

1. d4 Nf6 2. Nf3 d5 3. Bf4 e6 4. e3 Be7 5. c4 O-O 6. Nc3 c5 7. Qb3 Nc6 8. Rd1
dxc4 9. Qxc4 cxd4 10. exd4 Nd5 11. Bd2 Bf6 12. Bc1 Re8 13. Be2 Na5 14. Qa4 Bd7
15. Qc2 Rc8 16. O-O Nxc3 17. bxc3 Qc7 18. Bb2 Nc4 19. Bxc4 Qxc4 20. Ne5 Bxe5
21. dxe5 Ba4 22. Qd3 Bxd1 23. Rxd1 Qxd3 24. Rxd3 Red8 25. Rd4 Rxd4 26. cxd4 Rc2
27. Ba3 Rxa2 0-1

[Event "DEM U12/U12w 2008"]
[Site "Willingen GER"]
[Date "2008.05.12"]
[Round "3"]
[White "Urban, Lars"]
[Black "Ewert, Paul"]
[Result "1-0"]
[Termination "normal"]
[Board "25"]
[WhiteElo "1857"]
[BlackElo "1329"]
[PlyCount "53"]
[WhiteFideId "4644034"]
[EventCountry "GER"]
[EventRounds "11"]
[EventType "swiss"]
[EventDate "2008.05.10"]

1. c4 e6 2. Nc3 d5 3. d4 Nf6 4. Bg5 Be7 5. Nf3 O-O 6. e3 Nbd7 7. Qc2 c6 8. cxd5
exd5 9. Bd3 Re8 10. O-O Nf8 11. Rab1 g6 12. b4 Ne6 13. Bh4 Ng7 14. b5 Bf5 15.
bxc6 Bxd3 16. Qxd3 bxc6 17. Ne5 Rc8 18. Rb7 Nf5 19. Bxf6 Bxf6 20. Nxf7 Qa5 21.
g4 Re7 22. Rxe7 Nxe7 23. Ne5 c5 24. Nd7 c4 25. Nxf6+ Kf7 26. Qd2 Kxf6 27. Ne4+
1-0

[Event "DEM U12/U12w 2008"]
[Site "Willingen GER"]
[Date "2008.05.12"]
[Round "3"]
[White "Rahimi, Rozafa"]
[Black "Töws, Manuel"]
[Result "1-0"]
[Termination "normal"]
[Board "26"]
[WhiteElo "1297"]
[BlackElo "1617"]
[PlyCount "87"]
[WhiteFideId "24692280"]
[BlackFideId "24654485"]
[EventCountry "GER"]
[EventRounds "11"]
[EventType "swiss"]
[EventDate "2008.05.10"]

1. d4 Nf6 2. Bf4 d6 3. e3 g6 4. Nf3 Bg7 5. Bd3 O-O 6. Nbd2 Nbd7 7. c3 Re8 8.
O-O e5 9. dxe5 dxe5 10. Bg5 h6 11. Bxf6 Nxf6 12. Bc4 Bg4 13. h3 e4 14. hxg4
exf3 15. gxf3 a6 16. Qc2 b5 17. Bb3 Nh7 18. Qxg6 Rf8 19. Rad1 Qe7 20. Ne4 Kh8
21. Qf5 Rad8 22. Rxd8 Rxd8 23. Qxf7 Qh4 24. Rd1 Rf8 25. Qe6 Qh3 26. f4 a5 27.
a3 c5 28. g5 Qh5 29. g6 Nf6 30. Nxf6 Bxf6 31. f5 c4 32. Bc2 Qg4+ 33. Kf1 Qh3+
34. Ke1 Qh1+ 35. Kd2 Qh2 36. Kc1 Qxf2 37. Rd7 Bg7 38. Rxg7 Qf1+ 39. Bd1 Qxd1+
40. Kxd1 Rd8+ 41. Kc2 Rd2+ 42. Kxd2 Kxg7 43. Qe7+ Kh8 44. Qh7# 1-0

[Event "DEM U12/U12w 2008"]
[Site "Willingen GER"]
[Date "2008.05.12"]
[Round "3"]
[White "Stolcz, Bianca"]
[Black "Schmalhorst, Sophia"]
[Result "0-1"]
[Termination "normal"]
[Board "27"]
[WhiteElo "1594"]
[BlackElo "1317"]
[PlyCount "70"]
[WhiteFideId "24654914"]
[BlackFideId "24682497"]
[EventCountry "GER"]
[EventRounds "11"]
[EventType "swiss"]
[EventDate "2008.05.10"]

1. e4 e5 2. Nf3 Nc6 3. d4 exd4 4. Nxd4 Bc5 5. Be3 Qf6 6. c3 Nge7 7. Bc4 Ne5 8.
Be2 Qg6 9. O-O d6 10. f3 O-O 11. Nd2 Bd7 12. a4 a6 13. b4 Ba7 14. N2b3 b5 15.
axb5 Bxb5 16. Bxb5 axb5 17. Qe2 Nc4 18. Bf2 c6 19. Kh1 Rfe8 20. Qa2 h6 21. Nf5
Nxf5 22. exf5 Qxf5 23. Bxa7 Qd7 24. Qf2 c5 25. Bxc5 dxc5 26. Nxc5 Qc6 27. Rae1
Rxe1 28. Rxe1 Ra3 29. Qc2 g6 30. h4 Qf6 31. Re8+ Kg7 32. Nd7 Qxh4+ 33. Kg1 Ra1+
34. Qb1 Rxb1+ 35. Re1 Rxe1# 0-1

[Event "DEM U12/U12w 2008"]
[Site "Willingen GER"]
[Date "2008.05.12"]
[Round "3"]
[White "Schuhmacher, Jakob"]
[Black "Weber, Daniel"]
[Result "1-0"]
[Termination "normal"]
[Board "28"]
[WhiteElo "1657"]
[BlackElo "1300"]
[PlyCount "143"]
[WhiteFideId "4612787"]
[BlackFideId "24615498"]
[EventCountry "GER"]
[EventRounds "11"]
[EventType "swiss"]
[EventDate "2008.05.10"]

1. d4 Nf6 2. Nf3 d5 3. c4 c6 4. Nc3 e6 5. Bg5 h6 6. Bxf6 Qxf6 7. e3 g6 8. Qc2
Bg7 9. Be2 dxc4 10. Bxc4 Nd7 11. O-O O-O 12. e4 e5 13. d5 Nb6 14. Bb3 Bg4 15.
Nd2 cxd5 16. Bxd5 Qg5 17. Kh1 Nxd5 18. Nxd5 Rfd8 19. h3 Be2 20. Rfc1 Rac8 21.
Qxc8 Rxc8 22. Rxc8+ Bf8 23. Nb3 Kg7 24. Re1 Bb5 25. Re3 Bc6 26. Nc7 Qe7 27. Nd5
Qe6 28. Rd8 Bd6 29. Rd3 Bxd5 30. Rxd5 Bc7 31. R8d7 Qc6 32. Kh2 Kf8 33. Rd2 Ke8
34. R7d5 Bb6 35. Rxe5+ Kf8 36. Kh1 Qf6 37. Nc5 Qf4 38. Rc2 Bxc5 39. Rexc5 Qxe4
40. Rc8+ Kg7 41. R8c3 Qe1+ 42. Kh2 Qe5+ 43. g3 Qa5 44. a3 Qb6 45. b4 Qa6 46.
Kg2 Qb5 47. Rf3 Qd7 48. Rc4 g5 49. Rc5 Kg6 50. g4 Qe7 51. Rcf5 Qe6 52. Rxf7 Qc6
53. R7f6+ Qxf6 54. Rxf6+ Kxf6 55. Kf3 Ke5 56. Ke3 b5 57. f3 a6 58. f4+ gxf4+
59. Kf3 Ke6 60. Kxf4 Kf6 61. h4 Ke6 62. g5 h5 63. Ke4 Kf7 64. Kf5 Kg7 65. Ke6
Kg6 66. Kd6 Kf7 67. Kc6 Ke6 68. Kb6 Kd6 69. Kxa6 Ke6 70. Kxb5 Kf5 71. a4 Kg4
72. g6 1-0

[Event "DEM U12/U12w 2008"]
[Site "Willingen GER"]
[Date "2008.05.12"]
[Round "3"]
[White "Groetzbach, Julian"]
[Black "Boberg, Tobias Marcel"]
[Result "1-0"]
[Termination "normal"]
[Board "29"]
[WhiteElo "1484"]
[BlackElo "1283"]
[PlyCount "75"]
[WhiteFideId "24600938"]
[BlackFideId "24692298"]
[EventCountry "GER"]
[EventRounds "11"]
[EventType "swiss"]
[EventDate "2008.05.10"]

1. d4 Nf6 2. c4 g6 3. Nc3 Bg7 4. e4 d6 5. f3 O-O 6. Be3 e5 7. d5 Nbd7 8. Qd2
Nb6 9. O-O-O Qd7 10. Bd3 Na4 11. Nge2 Nxc3 12. Nxc3 Qe8 13. g4 Bd7 14. Bh6 a6
15. h4 b5 16. h5 b4 17. Ne2 a5 18. hxg6 fxg6 19. Bxg7 Kxg7 20. Qh6+ Kg8 21. g5
Nh5 22. Ng3 Qf7 23. Nxh5 gxh5 24. Rxh5 Be8 25. g6 Qxg6 26. Rg5 Qxg5+ 27. Qxg5+
Bg6 28. Be2 a4 29. c5 b3 30. a3 Ra5 31. cxd6 cxd6 32. Kb1 Kg7 33. Qe7+ Rf7 34.
Qxd6 h5 35. Qxe5+ Kg8 36. f4 h4 37. Rg1 Rg7 38. f5 1-0

[Event "DEM U12/U12w 2008"]
[Site "Willingen GER"]
[Date "2008.05.12"]
[Round "3"]
[White "Kühne, Niklas"]
[Black "Scheel, Henrik"]
[Result "0-1"]
[Termination "normal"]
[Board "30"]
[WhiteElo "1283"]
[BlackElo "1481"]
[PlyCount "84"]
[WhiteFideId "24690015"]
[BlackFideId "24692115"]
[EventCountry "GER"]
[EventRounds "11"]
[EventType "swiss"]
[EventDate "2008.05.10"]

1. c4 e5 2. Nc3 Nf6 3. Nf3 Nc6 4. g3 d6 5. Bg2 Be7 6. O-O Bf5 7. d4 exd4 8.
Nxd4 Nxd4 9. Qxd4 c6 10. Bf4 Qb6 11. Qxb6 axb6 12. Be3 Nd7 13. b4 Bf6 14. Bd2
Be6 15. b5 Bxc4 16. bxc6 bxc6 17. Bxc6 Rc8 18. Bxd7+ Kxd7 19. Rac1 Bxc3 20.
Bxc3 Bxa2 21. Bxg7 Rxc1 22. Rxc1 Rc8 23. Rxc8 Kxc8 24. Kf1 Kd7 25. Ke1 Ke6 26.
Bd4 b5 27. Kd2 Kd5 28. e3 Ke4 29. Ke1 Bc4 30. Ba1 Kd3 31. Kd1 Bb3+ 32. Ke1 Kc2
33. Ke2 Bd5 34. f4 b4 35. h4 f5 36. Bd4 b3 37. Bf6 Be4 38. Kf2 b2 39. Bxb2 Kxb2
40. Kg1 Kc3 41. Kf1 Kd3 42. Kf2 Kd2 0-1

[Event "DEM U12/U12w 2008"]
[Site "Willingen GER"]
[Date "2008.05.12"]
[Round "3"]
[White "Hellwig, Immo"]
[Black "Spiegelberg, Silvia"]
[Result "0-1"]
[Termination "normal"]
[Board "31"]
[WhiteElo "1278"]
[BlackElo "1455"]
[PlyCount "44"]
[BlackFideId "24654450"]
[EventCountry "GER"]
[EventRounds "11"]
[EventType "swiss"]
[EventDate "2008.05.10"]

1. e4 c5 2. Nf3 Nc6 3. d4 cxd4 4. Nxd4 Nf6 5. Nc3 e5 6. Ndb5 d6 7. Bg5 a6 8.
Na3 Be6 9. Nc4 Rc8 10. Nd5 Bxd5 11. Bxf6 gxf6 12. Qxd5 b5 13. Ne3 Qc7 14. c3
Ne7 15. Qd2 Bh6 16. a4 Qb7 17. axb5 axb5 18. Qxd6 Bxe3 19. Qxf6 Qxe4 20. Qxh8+
Kd7 21. Bxb5+ Kc7 22. Qf6 Bg5+ 0-1

[Event "DEM U12/U12w 2008"]
[Site "Willingen GER"]
[Date "2008.05.12"]
[Round "3"]
[White "Helle, Samuel"]
[Black "Polert, Annika"]
[Result "0-1"]
[Termination "normal"]
[Board "34"]
[WhiteElo "1438"]
[BlackElo "1196"]
[PlyCount "92"]
[WhiteFideId "24692182"]
[BlackFideId "24692328"]
[EventCountry "GER"]
[EventRounds "11"]
[EventType "swiss"]
[EventDate "2008.05.10"]

1. Nf3 c6 2. c4 d5 3. d4 Bf5 4. Nc3 e6 5. Bf4 Nf6 6. a3 Be7 7. e3 O-O 8. Nh4
Bg4 9. Be2 Bxe2 10. Qxe2 c5 11. Nf3 Nc6 12. dxc5 Bxc5 13. O-O a5 14. Nb5 Rc8
15. Rfd1 Qe7 16. Rac1 Rfd8 17. Qc2 b6 18. Qa4 Qb7 19. Ne5 Nh5 20. Nxc6 Qxc6 21.
cxd5 Rxd5 22. Rxd5 Qxd5 23. Bd6 Qb7 24. Bxc5 Rxc5 25. Rxc5 bxc5 26. Nc7 g6 27.
Qxa5 Qxb2 28. g3 Nf6 29. Qa8+ Kg7 30. a4 c4 31. Qc6 c3 32. Nxe6+ Kh6 33. Nd4
Ng4 34. Nf5+ Kg5 35. h4+ Kxf5 36. Qd5+ Kf6 37. Qd4+ Ke7 38. Qc5+ Ke6 39. Qc8+
Ke7 40. Qc7+ Kf6 41. Qd8+ Kg7 42. Qd4+ Nf6 43. Kh2 Qxf2+ 44. Kh1 c2 45. Qc3
Qf1+ 46. Kh2 c1=Q 0-1

[Event "DEM U12/U12w 2008"]
[Site "Willingen GER"]
[Date "2008.05.12"]
[Round "3"]
[White "Steimbach, Isabel"]
[Black "Berger, Nadja"]
[Result "0-1"]
[Termination "normal"]
[Board "35"]
[WhiteElo "1448"]
[BlackElo "1380"]
[PlyCount "56"]
[WhiteFideId "24692174"]
[BlackFideId "24692212"]
[EventCountry "GER"]
[EventRounds "11"]
[EventType "swiss"]
[EventDate "2008.05.10"]

1. e4 c5 2. Nf3 a6 3. d4 cxd4 4. Nxd4 e5 5. Nf3 Nf6 6. Nfd2 Nc6 7. c3 d6 8. Bc4
Be7 9. Na3 O-O 10. Nc2 b5 11. Bd5 Nxd5 12. exd5 Nb8 13. Ne3 Nd7 14. Ne4 Nb6 15.
b3 Qc7 16. Qc2 f5 17. Nd2 f4 18. Nd1 Nxd5 19. Ne4 Bf5 20. c4 Rac8 21. Nb2 Nb4
22. Qb1 Qb7 23. f3 d5 24. a3 dxe4 25. axb4 exf3 26. Qa2 Bxb4+ 27. Kf1 fxg2+ 28.
Kf2 gxh1=Q 0-1

[Event "DEM U12/U12w 2008"]
[Site "Willingen GER"]
[Date "2008.05.12"]
[Round "3"]
[White "Stanau, Guido"]
[Black "Bokemaer, David"]
[Result "1-0"]
[Termination "normal"]
[Board "36"]
[WhiteElo "1333"]
[BlackElo "1433"]
[PlyCount "77"]
[WhiteFideId "24692255"]
[EventCountry "GER"]
[EventRounds "11"]
[EventType "swiss"]
[EventDate "2008.05.10"]

1. e4 e5 2. Nf3 Nc6 3. Bc4 Nf6 4. d4 exd4 5. O-O d6 6. Re1 Bg4 7. e5 dxe5 8.
Nxe5 Nxe5 9. Rxe5+ Be7 10. Qe1 Kf8 11. Bf4 Bd6 12. Bd2 Bxe5 13. Qxe5 h6 14.
Bb4+ Kg8 15. Be7 Qe8 16. Bxf6 gxf6 17. Qg3 Qe1+ 18. Bf1 h5 19. h3 f5 20. hxg4
hxg4 21. Qd3 Kg7 22. Qxf5 g3 23. Qg5+ Kf8 24. Qxg3 Ke7 25. Qxc7+ Kf6 26. Qf4+
Ke6 27. Qg4+ f5 28. Qe2+ Qxe2 29. Bxe2 Kd5 30. Bf3+ Kc5 31. Nd2 Rab8 32. Nb3+
Kc4 33. Be2+ Kd5 34. Rd1 Rhe8 35. Bf3+ Kd6 36. g3 b6 37. Nxd4 f4 38. Ne2+ Kc7
39. Nxf4 1-0

[Event "DEM U12/U12w 2008"]
[Site "Willingen GER"]
[Date "2008.05.12"]
[Round "3"]
[White "Duchow, Julien"]
[Black "Viereck, Marten"]
[Result "1-0"]
[Termination "normal"]
[Board "37"]
[WhiteElo "1303"]
[BlackElo "1414"]
[PlyCount "37"]
[BlackFideId "24692190"]
[EventCountry "GER"]
[EventRounds "11"]
[EventType "swiss"]
[EventDate "2008.05.10"]

1. e4 e5 2. Nf3 Nc6 3. Bb5 a6 4. Ba4 b5 5. Bb3 Bc5 6. O-O Qe7 7. h3 Nf6 8. Re1
O-O 9. c3 Bb7 10. Bc2 Bb6 11. d4 exd4 12. cxd4 d6 13. Bg5 Rad8 14. Nc3 h6 15.
Nd5 Qe6 16. Nxf6+ gxf6 17. Bxh6 Ne7 18. d5 Qd7 19. Qd3 1-0

[Event "DEM U12/U12w 2008"]
[Site "Willingen GER"]
[Date "2008.05.12"]
[Round "3"]
[White "Stolberg, Daniel"]
[Black "Jermann, Isabel"]
[Result "1-0"]
[Termination "normal"]
[Board "38"]
[WhiteElo "1372"]
[BlackElo "1146"]
[PlyCount "113"]
[EventCountry "GER"]
[EventRounds "11"]
[EventType "swiss"]
[EventDate "2008.05.10"]

1. d4 d5 2. c4 c6 3. cxd5 cxd5 4. Nc3 Nf6 5. Nf3 Bf5 6. Qb3 Qd7 7. Ne5 Qc7 8.
Nxd5 Nxd5 9. Qxd5 e6 10. Qb5+ Nd7 11. Qxd7+ Qxd7 12. Nxd7 Kxd7 13. Bd2 Be7 14.
e3 a6 15. Be2 Rhd8 16. Bf3 Rab8 17. Rc1 Bd6 18. e4 Bg6 19. O-O Ke8 20. e5 Be7
21. Be3 Rd7 22. a3 Bd3 23. Rfd1 Bb5 24. h3 Ba4 25. Rd3 Bb5 26. Rdc3 Kd8 27. Rd1
b6 28. d5 exd5 29. Rxd5 Rxd5 30. Bxd5 Ke8 31. Bf4 Rd8 32. Bb3 Bc5 33. Bg5 Rd7
34. Bc1 Bd4 35. Rc8+ Ke7 36. Bg5+ f6 37. exf6+ Bxf6 38. Bxf6+ Kxf6 39. Rf8+ Kg6
40. Bc2+ Bd3 41. Rc8 h6 42. Bxd3+ Rxd3 43. Rc6+ Kh7 44. Rxb6 Rd1+ 45. Kh2 Rd2
46. f3 a5 47. b4 axb4 48. axb4 Rb2 49. Kg3 g5 50. b5 Kg7 51. Rb7+ Kf6 52. Rb6+
Kf7 53. Rxh6 Rxb5 54. h4 Kg7 55. Rh5 gxh4+ 56. Rxh4 Rg5+ 57. Rg4 1-0

[Event "DEM U12/U12w 2008"]
[Site "Willingen GER"]
[Date "2008.05.12"]
[Round "3"]
[White "Schreiber, Justina"]
[Black "Böhl, Marius"]
[Result "0-1"]
[Termination "normal"]
[Board "39"]
[WhiteElo "1172"]
[BlackElo "1471"]
[PlyCount "122"]
[WhiteFideId "24661570"]
[BlackFideId "24692131"]
[EventCountry "GER"]
[EventRounds "11"]
[EventType "swiss"]
[EventDate "2008.05.10"]

1. e4 c6 2. d4 d5 3. exd5 cxd5 4. Bd3 Nc6 5. c3 Nf6 6. Bf4 e6 7. Nd2 Bd6 8.
Bxd6 Qxd6 9. Ngf3 O-O 10. Qe2 Re8 11. Ne5 Bd7 12. O-O Rad8 13. f4 a6 14. Rf3
Na7 15. Rh3 Bb5 16. Bxh7+ Kf8 17. Bd3 Bxd3 18. Qxd3 Qb6 19. b4 Rc8 20. Rh7 Nb5
21. Qg3 Ke7 22. Rxg7 Rxc3 23. Rxf7+ Kd8 24. Qf2 Ne4 25. Nxe4 dxe4 26. a4 Nd6
27. Rd7+ Kc8 28. a5 Qxb4 29. Qd2 Nc4 30. Nxc4 Kxd7 31. Ne3 Rec8 32. Qe2 Qxd4
33. Kf2 Rc2 34. Rd1 Rxe2+ 35. Kxe2 Qxd1+ 36. Nxd1 Rc5 37. Nf2 Rxa5 38. Nxe4 b5
39. Kd3 b4 40. Kc4 Rb5 41. Kb3 a5 42. g4 e5 43. f5 Rb8 44. h4 a4+ 45. Kxa4 b3
46. Nc5+ Ke7 47. Nxb3 e4 48. Nd4 e3 49. Ka3 Rd8 50. Nf3 e2 51. Kb4 Rd1 52. g5
Rf1 53. f6+ Kf8 54. Kc3 Rxf3+ 55. Kd2 Rh3 56. Kxe2 Rxh4 57. Kf3 Kf7 58. Kg3 Ra4
59. Kf3 Kg6 60. Kg3 Kxg5 61. f7 Ra8 0-1

[Event "DEM U12/U12w 2008"]
[Site "Willingen GER"]
[Date "2008.05.12"]
[Round "3"]
[White "Gubela, Hans-Erich Constantin"]
[Black "Wulf, Constanze"]
[Result "1-0"]
[Termination "normal"]
[Board "40"]
[WhiteElo "1460"]
[BlackElo "1047"]
[PlyCount "91"]
[WhiteFideId "24692140"]
[BlackFideId "24692379"]
[EventCountry "GER"]
[EventRounds "11"]
[EventType "swiss"]
[EventDate "2008.05.10"]

1. e4 d6 2. d4 Nf6 3. Nc3 g6 4. Bc4 Bg7 5. Bg5 O-O 6. f4 c5 7. Nge2 Qc7 8. e5
dxe5 9. dxe5 Ne8 10. Nd5 Qd7 11. Bxe7 Kh8 12. Bxf8 Bxf8 13. Nec3 Bg7 14. O-O
Qd8 15. Qf3 Nc6 16. Ne2 Nc7 17. Rad1 Bd7 18. c3 Rc8 19. a4 Qe8 20. Ng3 Nxd5 21.
Bxd5 Qe7 22. Ne4 Rd8 23. Nd6 Rf8 24. Qd3 f6 25. Nf7+ Rxf7 26. Bxf7 Qxf7 27.
Qxd7 Qf8 28. e6 h6 29. Rfe1 Ne7 30. Qd8 f5 31. Qxf8+ Bxf8 32. Rd7 b6 33. Rxa7
Kg7 34. Rb7 Kf6 35. Rxb6 h5 36. a5 Nd5 37. Rb7 Be7 38. a6 Nxf4 39. a7 Nxe6 40.
a8=Q c4 41. Qh8+ Ng7 42. Rbxe7 f4 43. Qxg7+ Kg5 44. h4+ Kxh4 45. Qxg6 f3 46.
R7e4# 1-0

[Event "DEM U12/U12w 2008"]
[Site "Willingen GER"]
[Date "2008.05.12"]
[Round "3"]
[White "Fischer, Maxi"]
[Black "Groetzbach, Daniel"]
[Result "0-1"]
[Termination "normal"]
[Board "41"]
[WhiteElo "1026"]
[BlackElo "1454"]
[PlyCount "122"]
[WhiteFideId "24692395"]
[BlackFideId "24692166"]
[EventCountry "GER"]
[EventRounds "11"]
[EventType "swiss"]
[EventDate "2008.05.10"]

1. e4 e6 2. d4 d5 3. exd5 exd5 4. Bd3 c6 5. Bf4 Bb4+ 6. c3 Ba5 7. Ne2 Ne7 8.
O-O Bf5 9. Re1 Bxd3 10. Qxd3 O-O 11. Nd2 Ng6 12. Nf1 Nxf4 13. Nxf4 Bc7 14. Nh3
Nd7 15. Ng3 h6 16. f4 Re8 17. Nf5 Qf6 18. g3 Re6 19. Ne3 Rae8 20. Nf2 Nb6 21.
Nc2 Rxe1+ 22. Nxe1 Qe6 23. Qd1 Nc4 24. Ned3 Qe3 25. Qe1 Qxe1+ 26. Rxe1 Rxe1+
27. Nxe1 Nxb2 28. Ng2 Ba5 29. Nh4 Bxc3 30. Nf5 f6 31. Ng4 g6 32. Nfxh6+ Kg7 33.
f5 Bxd4+ 34. Kg2 g5 35. h4 Nd3 36. hxg5 fxg5 37. Kf3 Nb4 38. a4 c5 39. Ke2 a6
40. a5 Nc6 41. Kd3 Nxa5 42. Kd2 b5 43. Kd3 Nc6 44. Kd2 a5 45. Kc2 a4 46. Kd2 a3
47. Kc1 a2 48. Kd2 a1=Q 49. Ke2 Qb2+ 50. Ke1 c4 51. f6+ Bxf6 52. Nf5+ Kg6 53.
Nfe3 c3 54. Nf2 Qd2+ 55. Kf1 Qxe3 56. g4 Bd4 57. Nh1 c2 58. Kg2 Qe2+ 59. Kh3
Qf3+ 60. Kh2 Be5+ 61. Kg1 c1=Q# 0-1

[Event "DEM U12/U12w 2008"]
[Site "Willingen GER"]
[Date "2008.05.12"]
[Round "3"]
[White "Vonhoff, Nils"]
[Black "Röhlich, Anna"]
[Result "1-0"]
[Termination "normal"]
[Board "42"]
[WhiteElo "1282"]
[BlackElo "1043"]
[PlyCount "81"]
[WhiteFideId "24692301"]
[EventCountry "GER"]
[EventRounds "11"]
[EventType "swiss"]
[EventDate "2008.05.10"]

1. e4 c5 2. Nf3 Nc6 3. d4 cxd4 4. Nxd4 g6 5. Be3 Bg7 6. Bc4 d6 7. O-O Nf6 8. f3
d5 9. exd5 Nxd5 10. Nxc6 bxc6 11. Bd4 O-O 12. Bxg7 Kxg7 13. Qd4+ Kg8 14. Nc3
Nxc3 15. Qxc3 Qd6 16. Rad1 Qc5+ 17. Kh1 Qg5 18. Bd3 Bb7 19. Qe1 Rfe8 20. Qe2 e5
21. Ba6 Rab8 22. Bxb7 Rxb7 23. b3 Rbe7 24. Qf2 h5 25. Qc5 Qf6 26. Rd6 Re6 27.
Rxe6 Qxe6 28. Qxa7 e4 29. fxe4 Qxe4 30. Qxf7+ Kh8 31. Qf2 Kh7 32. h3 Kh6 33.
Qf4+ Qxf4 34. Rxf4 Re1+ 35. Kh2 Ra1 36. a4 Rc1 37. Rc4 Rd1 38. Rxc6 Rd2 39. a5
Rd7 40. b4 Rd5 41. c4 1-0

[Event "DEM U12/U12w 2008"]
[Site "Willingen GER"]
[Date "2008.05.12"]
[Round "3"]
[White "Paliy, Margaryta"]
[Black "Greif, Gavin"]
[Result "0-1"]
[Termination "normal"]
[Board "43"]
[WhiteElo "934"]
[BlackElo "1268"]
[PlyCount "90"]
[WhiteFideId "24692417"]
[BlackFideId "24662429"]
[EventCountry "GER"]
[EventRounds "11"]
[EventType "swiss"]
[EventDate "2008.05.10"]

1. e4 e5 2. Nf3 Nc6 3. Nc3 Nf6 4. Bb5 d6 5. d3 Bg4 6. Bg5 Be7 7. h3 Bh5 8. O-O
O-O 9. Re1 Nd4 10. Bc4 Nxf3+ 11. gxf3 Qd7 12. Kh2 h6 13. Bh4 Nh7 14. Bg3 Ng5
15. Re3 Qxh3+ 16. Kg1 c6 17. Qf1 Nxf3+ 18. Rxf3 Qxf1+ 19. Kxf1 Bxf3 20. a3 h5
21. Bh2 h4 22. Re1 Bg5 23. Ne2 h3 24. Ng1 Bg2+ 25. Ke2 Bf4 26. Bxf4 exf4 27.
Nf3 d5 28. exd5 Rfe8+ 29. Kd1 Bxf3+ 30. Kd2 cxd5 31. Bb5 Rxe1 32. Kxe1 h2 33.
Kd2 h1=Q 34. Kc3 Qe1+ 35. Kd4 Qxf2+ 36. Kc3 a5 37. a4 Rc8+ 38. Bc4 dxc4 39.
dxc4 Qe1+ 40. Kb3 Bh5 41. Ka3 f3 42. c5 f2 43. c6 f1=Q 44. cxb7 Qb4+ 45. Ka2
Qxa4# 0-1

[Event "DEM U12/U12w 2008"]
[Site "Willingen GER"]
[Date "2008.05.12"]
[Round "3"]
[White "Eichstaedt, Mirko"]
[Black "Triantafillidis, Katherina"]
[Result "1-0"]
[Termination "normal"]
[Board "44"]
[WhiteElo "1265"]
[BlackElo "993"]
[PlyCount "107"]
[WhiteFideId "24692310"]
[BlackFideId "24692409"]
[EventCountry "GER"]
[EventRounds "11"]
[EventType "swiss"]
[EventDate "2008.05.10"]

1. c4 e5 2. Nc3 Nc6 3. g3 Nf6 4. Bg2 Bc5 5. Nf3 d6 6. O-O Be6 7. b3 O-O 8. e3
Bg4 9. h3 Bh5 10. d3 h6 11. a3 a6 12. b4 Ba7 13. Bb2 Qe7 14. Ne2 e4 15. dxe4
Nxe4 16. Qc2 Nf6 17. Ned4 Nxd4 18. Nxd4 Bg6 19. Qe2 c5 20. Nb3 cxb4 21. axb4
Rfd8 22. Rfd1 Rac8 23. b5 axb5 24. Rxa7 Rxc4 25. Rxb7 Qe8 26. Nd4 Rb8 27. Rxb8
Qxb8 28. Rc1 Rxc1+ 29. Bxc1 Qc7 30. Bb2 b4 31. Nb5 Qb6 32. Bxf6 gxf6 33. Qc4
Qa6 34. Qxb4 Qa1+ 35. Kh2 Qa2 36. Qe1 Qb2 37. Nxd6 Kg7 38. Be4 Bxe4 39. Nxe4
Qc2 40. Nd2 Qb2 41. e4 h5 42. h4 Kh7 43. Qe3 Kg7 44. Nf3 Kg6 45. Kg2 Qb7 46.
Qf4 Kg7 47. e5 fxe5 48. Qxe5+ f6 49. Qxh5 Qc6 50. Qf5 Kf7 51. h5 Kg7 52. Qg6+
Kh8 53. h6 Qd5 54. Qg7# 1-0

[Event "DEM U12/U12w 2008"]
[Site "Willingen GER"]
[Date "2008.05.12"]
[Round "3"]
[White "Diederichs, Luise"]
[Black "Michels, Kim"]
[Result "1/2-1/2"]
[Termination "normal"]
[Board "45"]
[WhiteElo "1177"]
[BlackElo "926"]
[PlyCount "31"]
[WhiteFideId "24661597"]
[BlackFideId "24690066"]
[EventCountry "GER"]
[EventRounds "11"]
[EventType "swiss"]
[EventDate "2008.05.10"]

1. d4 d5 2. c4 e6 3. e3 f5 4. Nf3 Nf6 5. Nc3 c6 6. Bd3 Ne4 7. Bxe4 fxe4 8. Nd2
Bd6 9. cxd5 exd5 10. Nb3 O-O 11. Qe2 Be6 12. Bd2 Nd7 13. O-O-O Qh4 14. g3 Qg4
15. h4 Qg6 16. Rdf1 1/2-1/2

[Event "DEM U12/U12w 2008"]
[Site "Willingen GER"]
[Date "2008.05.12"]
[Round "3"]
[White "Bohm, Stephanie"]
[Black "Rahimi, Anita"]
[Result "0-1"]
[Termination "normal"]
[Board "46"]
[WhiteElo "888"]
[BlackElo "1172"]
[PlyCount "64"]
[BlackFideId "24692336"]
[EventCountry "GER"]
[EventRounds "11"]
[EventType "swiss"]
[EventDate "2008.05.10"]

1. c4 c6 2. Nc3 d5 3. cxd5 cxd5 4. d4 Nf6 5. g3 Bf5 6. Bg2 e6 7. Bg5 Be7 8. Nf3
Nc6 9. a3 O-O 10. O-O Rc8 11. Rc1 h6 12. Bxf6 Bxf6 13. Re1 Qb6 14. Na4 Qc7 15.
Nc3 a6 16. Nh4 Bxh4 17. gxh4 Qf4 18. h5 Qxd4 19. e3 Qxd1 20. Rexd1 Bg4 21. Rd2
Bxh5 22. e4 d4 23. Na4 Rfd8 24. Nb6 Rc7 25. e5 d3 26. Bf1 Nxe5 27. Rxc7 Nf3+
28. Kg2 Nxd2 29. Bxd3 Rxd3 30. Rc8+ Kh7 31. Rc1 Rb3 32. Rc2 Rxb6 0-1

[Event "DEM U12/U12w 2008"]
[Site "Willingen GER"]
[Date "2008.05.12"]
[Round "3"]
[White "Hauffen, Franziska"]
[Black "Ludwig, Maria"]
[Result "1-0"]
[Termination "normal"]
[Board "47"]
[WhiteElo "1143"]
[BlackElo "866"]
[PlyCount "101"]
[BlackFideId "24655791"]
[EventCountry "GER"]
[EventRounds "11"]
[EventType "swiss"]
[EventDate "2008.05.10"]

1. e4 e5 2. Nf3 Nc6 3. Bc4 Bc5 4. c3 Nf6 5. d3 d6 6. Bg5 h6 7. Bh4 g5 8. Bg3
Nh5 9. O-O Nxg3 10. hxg3 h5 11. Nbd2 h4 12. gxh4 gxh4 13. Nh2 h3 14. g3 Qg5 15.
Qf3 Be6 16. Bxe6 fxe6 17. Rad1 O-O-O 18. Qg4 Qf6 19. Qf3 Qe7 20. Kh1 Rdf8 21.
Qe2 Qg7 22. Ndf3 Ne7 23. Rd2 Rf4 24. Rg1 Rf6 25. Qe1 Ng8 26. a4 a6 27. b4 Ba7
28. b5 Qf7 29. Qe2 Nh6 30. bxa6 bxa6 31. Rf1 d5 32. Nxe5 Qg7 33. Nef3 Rf4 34.
exd5 e5 35. Qxe5 Rf6 36. a5 Nf5 37. Rg1 Rh5 38. Qe8+ Kb7 39. Qxh5 Bxf2 40. Rb1+
Ka7 41. Nf1 Nxg3+ 42. Nxg3 Qxg3 43. Nh4 Be3 44. Rdb2 Rf8 45. Qe2 Qe5 46. Ng6
Qxd5+ 47. Kh2 Qd6+ 48. Kh1 Re8 49. Qxe3+ Ka8 50. Qxe8+ Ka7 51. Qb8# 1-0

[Event "DEM U12/U12w 2008"]
[Site "Willingen GER"]
[Date "2008.05.12"]
[Round "4"]
[White "Peil, Christoph"]
[Black "Gibicar, Danijel"]
[Result "1/2-1/2"]
[Termination "normal"]
[Board "1"]
[WhiteElo "1680"]
[BlackElo "1662"]
[PlyCount "39"]
[WhiteFideId "24651800"]
[BlackFideId "24660256"]
[EventCountry "GER"]
[EventRounds "11"]
[EventType "swiss"]
[EventDate "2008.05.10"]

1. d4 Nf6 2. c4 e6 3. Nf3 Bb4+ 4. Nbd2 b6 5. a3 Bxd2+ 6. Qxd2 Bb7 7. e3 d6 8.
Be2 O-O 9. O-O a5 10. b3 Nc6 11. Bb2 Qe7 12. Qc2 e5 13. Rae1 Rae8 14. Nh4 Bc8
15. Nf5 Bxf5 16. Qxf5 Qd7 17. Qb1 exd4 18. exd4 Re7 19. Bd3 Rfe8 20. d5 1/2-1/2